|
|
|
|
| LEADER |
00000cam a22000004a 4500 |
| 001 |
musev2_48415 |
| 003 |
MdBmJHUP |
| 005 |
20230905045031.0 |
| 006 |
m o d |
| 007 |
cr||||||||nn|n |
| 008 |
160829s2016 miu o 00 0 eng d |
| 010 |
|
|
|z 2016005060
|
| 020 |
|
|
|a 9780472122141
|
| 020 |
|
|
|z 9780472130016
|
| 035 |
|
|
|a (OCoLC)957605302
|
| 040 |
|
|
|a MdBmJHUP
|c MdBmJHUP
|
| 100 |
1 |
|
|a Jensen, Jennifer M.,
|e author.
|
| 245 |
1 |
4 |
|a The Governors' Lobbyists :
|b Federal-State Relations Offices and Governors Associations in Washington /
|c Jennifer M. Jensen.
|
| 264 |
|
1 |
|a Ann Arbor :
|b University of Michigan Press,
|c 2016.
|
| 264 |
|
3 |
|a Baltimore, Md. :
|b Project MUSE,
|c 2016
|
| 264 |
|
4 |
|c ©2016.
|
| 300 |
|
|
|a 1 online resource (288 pages).
|
| 336 |
|
|
|a text
|b txt
|2 rdacontent
|
| 337 |
|
|
|a computer
|b c
|2 rdamedia
|
| 338 |
|
|
|a online resource
|b cr
|2 rdacarrier
|
| 505 |
0 |
|
|a Acknowledgments; Introduction: The Puzzle of the Governors' Lobbyists; 1. Governors' Lobbyists as Political Safeguards of Federalism; 2. The Political Development of State Lobbying Offices; 3. The Political Development of the National Governors Association; 4. Modern State Offices at Work; 5. Modern Governors Organizations as Organized Interests; 6. Politics, Culture, and Variation in Maintenance of State Offices; 7. The Value of the Governors' Lobbyists; Notes; References; Index.
|
| 588 |
|
|
|a Description based on print version record.
|
| 610 |
2 |
7 |
|a National Governors' Association.
|2 fast
|0 (OCoLC)fst00524011
|
| 610 |
2 |
0 |
|a National Governors' Association.
|
| 650 |
|
7 |
|a Pressure groups
|x U.S. states.
|2 fast
|0 (OCoLC)fst01075968
|
| 650 |
|
7 |
|a Lobbying
|x U.S. states.
|2 fast
|0 (OCoLC)fst01001138
|
| 650 |
|
7 |
|a Intergovernmental cooperation.
|2 fast
|0 (OCoLC)fst00976270
|
| 650 |
|
7 |
|a Governors.
|2 fast
|0 (OCoLC)fst00945704
|
| 650 |
|
7 |
|a Federal government.
|2 fast
|0 (OCoLC)fst00922333
|
| 650 |
|
7 |
|a POLITICAL SCIENCE
|x American Government
|x General.
|2 bisacsh
|
| 650 |
|
7 |
|a POLITICAL SCIENCE
|x Political Process
|x General.
|2 bisacsh
|
| 650 |
|
7 |
|a POLITICAL SCIENCE
|x Political Process
|x Elections.
|2 bisacsh
|
| 650 |
|
6 |
|a Cooperation intergouvernementale
|z États-Unis.
|
| 650 |
|
6 |
|a Gouverneurs
|z États-Unis.
|
| 650 |
|
6 |
|a Associations
|x Activite politique
|z États-Unis
|x États.
|
| 650 |
|
6 |
|a Lobbying
|z États-Unis
|x États.
|
| 650 |
|
0 |
|a Federal government
|z United States.
|
| 650 |
|
0 |
|a Intergovernmental cooperation
|z United States.
|
| 650 |
|
0 |
|a Governors
|z United States.
|
| 650 |
|
0 |
|a Associations, institutions, etc.
|x Political activity
|z United States
|x States.
|
| 650 |
|
0 |
|a Pressure groups
|z United States
|x States.
|
| 650 |
|
0 |
|a Lobbying
|z United States
|x States.
|
| 651 |
|
7 |
|a United States.
|2 fast
|0 (OCoLC)fst01204155
|
| 655 |
|
7 |
|a Electronic books.
|2 local
|
| 710 |
2 |
|
|a Project Muse.
|e distributor
|
| 830 |
|
0 |
|a Book collections on Project MUSE.
|
| 856 |
4 |
0 |
|z Texto completo
|u https://projectmuse.uam.elogim.com/book/48415/
|
| 945 |
|
|
|a Project MUSE - Custom Collection
|
| 945 |
|
|
|a Project MUSE - 2016 Complete
|
| 945 |
|
|
|a Project MUSE - 2016 Political Science and Policy Studies
|